| 000 | 00984nam a2200181 a 4500 | ||
|---|---|---|---|
| 001 | 45886 | ||
| 005 | 20180714025240.0 | ||
| 008 | 140415s2001 xxu 000 0 eng d | ||
| 020 | _a0130265543 | ||
| 041 | _aeng | ||
| 082 |
_a158.7 _bORG |
||
| 245 | 0 | 4 | _aTHE ORGANIZATIONAL BEHAVIOR READER |
| 250 | _a7ed. | ||
| 260 |
_aESTADOS UNIDOS DE AMERICA : _bPRENTICE-HALL, INC., _c2001 |
||
| 300 |
_a444 _c18 x 2.8 x 23.3 |
||
| 520 | _aREFLECTANDO CONCEPTOS BASICOS, NUEVAS APROXIMACIONES, Y EMERGIENDO PERSPECTIVAS, ESTA COLECCION DE INVESTIGACION REPORTES Y ENSAYOS TEORICOS SIRVE COMO MATERIAL PRIMARIO PARA ESTUDIANTES DE ORGANIZACION EXPERIMENTAL EN ALGUN NIVEL, LOS LECTORES ESTAN ANIMADOS PARA INCORPORAR LA INFORMACION DESDE LA LECTURA CON SUS PROPIAS EXPERIENCIAS Y LAS EXPERIENCIAS DE OTROS. AUN CUANDO ESTE LIBRO PUEDE SER USADO SOLO, ESTE ES DESIGNADO PARA COMPLEMENTAR LOS EJERCICIOS Y TEORIAS PRESENTADAS EN EL T | ||
| 650 | 1 | 4 | _aCOMPORTAMIENTO ORGANIZACIONAL |
| 999 |
_c45886 _d45886 |
||